000 00211nam a2200097Ia 4500
008 240331s9999 xx 000 0 und d
082 _bSEL
100 _aSelladurai,A
245 0 _aTholaikkachi seidigal
942 _cL
999 _c4715
_d4715